Countries With No Airports - Statistics

General Stats
  • This quiz has been taken 49 times
  • The average score is 5 of 5
Answer Stats
Answer % Correct
Liechtenstein
98%
Vatican City
98%
Andorra
95%
Monaco
88%
San Marino
86%
No matching quizzes found
Score Distribution
Percent of People with Each Score
Percentile by Number Answered
Your Score History
You have not taken this quiz